[Event "24. Erfurter Schachfestival 2014 - Haup"]
[Site "Erfurt"]
[Date "2014.12.27"]
[Round "2.7"]
[White "Münzberg, Stephan"]
[Black "Haugk, Franko"]
[Result "1-0"]
[WhiteElo "1853"]
[BlackElo "1960"]
[PlyCount "109"]
[EventDate "2014.12.26"]
[EventRounds "8"]
[EventCountry "GER"]
[Source "24. ESF 2014"]
[SourceDate "2014.12.30"]

1. e4 c6 2. d4 d5 3. Nc3 dxe4 4. Nxe4 Bf5 5. Ng3 Bg6 6. Nf3 Nf6 7. h4 h6 8. Ne5
Bh7 9. Bc4 e6 10. Qe2 Qe7 11. f4 Nbd7 12. Be3 Nb6 13. Bd3 Bxd3 14. Qxd3 O-O-O
15. O-O-O Nfd7 16. Qb3 Nd5 17. Rd3 Nxe5 18. dxe5 Nxe3 19. Rxd8+ Qxd8 20. Qxe3
Qb6 21. Qxb6 axb6 22. Ne4 Be7 23. h5 Rd8 24. Rd1 Rd5 25. Rxd5 exd5 26. Nc3 Kd7
27. Kd2 f6 28. exf6 Bxf6 29. Na4 Bd4 30. Kd3 Bg1 31. g4 b5 32. Nc3 b4 33. Ne2
Bf2 34. Nd4 Bh4 35. Nf3 Bf6 36. c3 bxc3 37. bxc3 b5 38. g5 Be7 39. gxh6 gxh6
40. Nd4 Bf8 41. f5 Be7 42. Ke3 Kd6 43. Kf4 Bf6 44. Ke3 Kc5 45. Kd3 Kb6 46. Ne6
c5 47. Nf8 c4+ 48. Kc2 Be7 49. Nh7 Kc7 50. f6 Kd7 51. fxe7 Kxe7 52. Kd2 Kf7 53.
Ke3 Kg7 54. Kd4 Kxh7 55. Kxd5 1-0

[Event "24. Erfurter Schachfestival 2014 - Haup"]
[Site "Erfurt"]
[Date "2014.12.27"]
[Round "2.8"]
[White "Drehwald, Manuel"]
[Black "Retzlaff, Thomas"]
[Result "1/2-1/2"]
[WhiteElo "1760"]
[BlackElo "1805"]
[PlyCount "115"]
[EventDate "2014.12.26"]
[EventRounds "8"]
[EventCountry "GER"]
[Source "24. ESF 2014"]
[SourceDate "2014.12.30"]

1. e4 c6 2. d4 d5 3. f3 g6 4. Nc3 Bg7 5. Be3 e6 6. Qd2 Ne7 7. Nge2 b5 8. a3 Nd7
9. Bh6 O-O 10. h4 f5 11. Bxg7 Kxg7 12. Nf4 Nf6 13. e5 Nfg8 14. h5 g5 15. Nh3 h6
16. Nxg5 hxg5 17. Qxg5+ Kh7 18. g4 Nh6 19. Qf4 Bd7 20. Bd3 c5 21. g5 c4 22. Be2
a5 23. gxh6 Rg8 24. Kf2 Qf8 25. Rag1 Qf7 26. Qh4 Rxg1 27. Rxg1 Rg8 28. f4 Rxg1
29. Kxg1 Kxh6 30. Qg5+ Kh7 31. Kf2 b4 32. Nb1 Nc6 33. Ke3 Qg7 34. axb4 axb4 35.
Nd2 Be8 36. Nf3 Qf7 37. Qh4 Qe7 38. Qxe7+ Nxe7 39. Ng5+ Kh6 40. Nxe6 Bxh5 41.
Bxh5 Kxh5 42. Nc7 Kg4 43. Na6 Nc6 44. e6 Kh5 45. Nxb4 Ne7 46. Na6 Kg6 47. Nc5
Nc6 48. b3 Nb4 49. c3 Nc2+ 50. Kd2 cxb3 51. Nxb3 Na3 52. Kd3 Kf6 53. Nc5 Nc4
54. Ke2 Nb2 55. Ke3 Nc4+ 56. Kf3 Nd6 57. Kg3 Nb5 58. Na4 1/2-1/2

[Event "24. Erfurter Schachfestival 2014 - Haup"]
[Site "Erfurt"]
[Date "2014.12.27"]
[Round "2.9"]
[White "Mauch, Johannes"]
[Black "Oshionwu, Nelo"]
[Result "0-1"]
[WhiteElo "1774"]
[BlackElo "1902"]
[PlyCount "34"]
[EventDate "2014.12.26"]
[EventRounds "8"]
[EventCountry "GER"]
[Source "24. ESF 2014"]
[SourceDate "2014.12.30"]

1. e4 c5 2. Nc3 e6 3. f4 g6 4. Nf3 Bg7 5. Bc4 a6 6. a4 Ne7 7. O-O d5 8. Ba2 d4
9. Ne2 d3 10. Ng3 h5 11. f5 h4 12. Nxh4 Rxh4 13. Qf3 Bd4+ 14. Kh1 Nbc6 15. fxg6
Ne5 16. gxf7+ Kf8 17. Qf6 Rxh2+ 0-1

[Event "24. Erfurter Schachfestival 2014 - Haup"]
[Site "Erfurt"]
[Date "2014.12.27"]
[Round "3.3"]
[White "Maiwald, Harald"]
[Black "Rosmait, Emily"]
[Result "1/2-1/2"]
[WhiteElo "2062"]
[BlackElo "1833"]
[PlyCount "102"]
[EventDate "2014.12.26"]
[EventRounds "8"]
[EventCountry "GER"]
[Source "24. ESF 2014"]
[SourceDate "2014.12.30"]

1. Nf3 Nf6 2. g3 d5 3. Bg2 e6 4. O-O Be7 5. d3 O-O 6. Nbd2 c5 7. e4 Nc6 8. Re1
b5 9. e5 Nd7 10. Nf1 Rb8 11. h4 Qc7 12. Bf4 b4 13. Ng5 Ndxe5 14. Qh5 Bxg5 15.
hxg5 f6 16. gxf6 gxf6 17. Ne3 Qf7 18. Qxf7+ Kxf7 19. Nxd5 exd5 20. Bxd5+ Be6
21. Bxc6 Nxc6 22. Bxb8 Rxb8 23. c3 Rd8 24. Re3 Ne5 25. cxb4 cxb4 26. Rc1 Rd7
27. b3 a5 28. Rc5 a4 29. Rb5 Nxd3 30. Rb6 axb3 31. axb3 Bxb3 32. Rf3 Bc2 33.
Rfxf6+ Ke7 34. Rh6 Kd8 35. Rb8+ Kc7 36. Rhb6 b3 37. R8b7+ Kd8 38. Rb8+ Ke7 39.
Rh8 Ne5 40. Rhb8 Rc7 41. f4 Nc4 42. Rxb3 Bxb3 43. Rxb3 Ke6 44. Kg2 Kd5 45. Rb8
Re7 46. Kf3 Ke6 47. Rb4 Nd6 48. Rb6 Ra7 49. Kg4 Rg7+ 50. Kh4 Kd5 51. g4 Ne4
1/2-1/2

[Event "24. Erfurter Schachfestival 2014 - Haup"]
[Site "Erfurt"]
[Date "2014.12.27"]
[Round "3.4"]
[White "Schröter, Maik"]
[Black "Muuss, Klaus"]
[Result "0-1"]
[WhiteElo "1877"]
[BlackElo "2035"]
[PlyCount "112"]
[EventDate "2014.12.26"]
[EventRounds "8"]
[EventCountry "GER"]
[Source "24. ESF 2014"]
[SourceDate "2014.12.30"]

1. e4 c5 2. Nf3 d6 3. d4 cxd4 4. Nxd4 Nf6 5. Nc3 g6 6. Be2 Bg7 7. O-O O-O 8.
Be3 Nc6 9. Nxc6 bxc6 10. Bf3 Qc7 11. Bd4 Rb8 12. Rb1 Bd7 13. Re1 e5 14. Be3 Be6
15. Bg5 h6 16. Bxf6 Bxf6 17. Bg4 Qd7 18. Bxe6 Qxe6 19. Qf3 Bg7 20. b3 f5 21.
exf5 Qxf5 22. Qxf5 Rxf5 23. Rbd1 d5 24. Ne2 Rbf8 25. f3 h5 26. Rf1 Bh6 27. Ng3
R5f7 28. Rfe1 h4 29. Nf1 Bg7 30. h3 Re8 31. c4 Rd7 32. Rd3 Bh6 33. Ne3 Bxe3+
34. Rexe3 g5 35. Kf2 Kf7 36. g3 hxg3+ 37. Kxg3 Kf6 38. Rd1 Rh8 39. Rde1 Re7 40.
Rd1 Reh7 41. Rh1 d4 42. Rd3 c5 43. Rh2 Kf5 44. Rh1 Rh4 45. Rd2 Rf4 46. Re1 Rhh4
47. Rde2 e4 48. fxe4+ Rxe4 49. Rf2+ Rhf4 50. Rxf4+ gxf4+ 51. Kf2 Rxe1 52. Kxe1
a5 53. a3 f3 54. b4 axb4 55. axb4 cxb4 56. c5 b3 0-1

[Event "24. Erfurter Schachfestival 2014 - Haup"]
[Site "Erfurt"]
[Date "2014.12.27"]
[Round "3.6"]
[White "Flemming, Klaus"]
[Black "Walter, Tobias"]
[Result "1/2-1/2"]
[WhiteElo "1760"]
[BlackElo "1834"]
[PlyCount "65"]
[EventDate "2014.12.26"]
[EventRounds "8"]
[EventCountry "GER"]
[Source "24. ESF 2014"]
[SourceDate "2014.12.30"]

1. Nf3 d5 2. d4 Nf6 3. Bf4 c5 4. e3 Bf5 5. Bd3 Bxd3 6. Qxd3 e6 7. dxc5 Qa5+ 8.
Nbd2 Bxc5 9. O-O O-O 10. Be5 Be7 11. Nb3 Qb6 12. Bd4 Qa6 13. Ne5 Qxd3 14. cxd3
Nbd7 15. Rac1 b6 16. Rc7 Bd6 17. Nxd7 Bxc7 18. Nxf8 Kxf8 19. Bxf6 gxf6 20. Rc1
Rc8 21. Kf1 Ke7 22. Ke2 Kd7 23. h3 e5 24. e4 dxe4 25. dxe4 Rg8 26. g4 h5 27. f3
hxg4 28. fxg4 Bd6 29. Kf3 Bf8 30. h4 Bh6 31. Rc2 Rd8 32. Rg2 Ke6 33. Ke2
1/2-1/2

[Event "24. Erfurter Schachfestival 2014 - Haup"]
[Site "Erfurt"]
[Date "2014.12.27"]
[Round "3.7"]
[White "Schwarz, Hilmar"]
[Black "Münzberg, Stephan"]
[Result "0-1"]
[WhiteElo "1918"]
[BlackElo "1853"]
[PlyCount "82"]
[EventDate "2014.12.26"]
[EventRounds "8"]
[EventCountry "GER"]
[Source "24. ESF 2014"]
[SourceDate "2014.12.30"]

1. e4 e5 2. Nf3 Nc6 3. Bc4 Bc5 4. c3 Nf6 5. d4 exd4 6. cxd4 Bb4+ 7. Nc3 d5 8.
exd5 Nxd5 9. O-O Be6 10. Re1 O-O 11. Qd3 Qd7 12. Bd2 Rad8 13. Ne5 Nxe5 14. Rxe5
c6 15. Rae1 Bd6 16. Rh5 g6 17. Nxd5 cxd5 18. Bb5 Qe7 19. Rh6 Qf6 20. g3 a6 21.
Ba4 b5 22. Bd1 Rfe8 23. Be3 Bb4 24. Rf1 Bf5 25. Qe2 Qe6 26. a3 Bf8 27. Rh4 Bh3
28. Re1 h5 29. Qd2 Be7 30. Bf4 Qd7 31. Rxe7 Rxe7 32. Be5 Qf5 33. g4 Bxg4 34.
Bxg4 Qb1+ 35. Bd1 Qf5 36. Qh6 f6 37. Bxh5 gxh5 38. Rxh5 Qg4+ 39. Kf1 Rg7 40.
Qh8+ Kf7 41. Qxd8 Qd1# 0-1

[Event "24. Erfurter Schachfestival 2014 - Haup"]
[Site "Erfurt"]
[Date "2014.12.27"]
[Round "3.9"]
[White "Oberling, Mario"]
[Black "Förster, Rudi"]
[Result "1-0"]
[WhiteElo "1848"]
[BlackElo "1881"]
[PlyCount "42"]
[EventDate "2014.12.26"]
[EventRounds "8"]
[EventCountry "GER"]
[Source "24. ESF 2014"]
[SourceDate "2014.12.30"]

1. Nc3 d5 2. e4 d4 3. Nce2 e5 4. Ng3 Nf6 5. Bc4 Nc6 6. Nf3 Bg4 7. h3 Bxf3 8.
Qxf3 Na5 9. Bb5+ c6 10. Be2 b5 11. c3 Be7 12. O-O O-O 13. Nf5 g6 14. Nxe7+ Qxe7
15. d3 Nd7 16. Bd2 Nb7 17. Qg3 c5 18. f4 exf4 19. Rxf4 f5 20. Re1 fxe4 21. Rxe4
Qg7 {

[Event "24. Erfurter Schachfestival 2014 - Haup"]
[Site "Erfurt"]
[Date "2014.12.28"]
[Round "4.1"]
[White "Oshionwu, Nelo"]
[Black "Feicht, Arno"]
[Result "0-1"]
[WhiteElo "1902"]
[BlackElo "2093"]
[PlyCount "76"]
[EventDate "2014.12.27"]
[EventRounds "4"]
[EventCountry "GER"]
[Source "24. ESF 2014"]
[SourceDate "2014.12.30"]

1. e4 c5 2. b4 cxb4 3. a3 bxa3 4. Bxa3 d6 5. Nf3 Nc6 6. d4 g6 7. h4 Bg4 8. c3
Nf6 9. Bc4 Bg7 10. Qb3 O-O 11. Ng5 Qe8 12. f3 Bd7 13. Bc1 b6 14. h5 Na5 15.
Rxa5 bxa5 16. hxg6 hxg6 17. e5 d5 18. Bd3 Ba4 19. Qa2 Bb5 20. Bxb5 Qxb5 21. g4
Rfe8 22. Na3 Qd3 23. Qh2 Qxc3+ 24. Kf2 Qxd4+ 25. Kg3 Qxe5+ 26. Bf4 Qc3 27. Nb5
Qd3 28. Nc7 e5 29. Bc1 e4 30. Bd2 d4 31. Nxa8 Rxa8 32. Kh4 exf3 33. Re1 Rc8 34.
Nxf7 Kxf7 35. g5 Rh8+ 36. Kg3 Rxh2 37. Kxh2 f2 38. gxf6 fxe1=Q 0-1

[Event "24. Erfurter Schachfestival 2014 - Haup"]
[Site "Erfurt"]
[Date "2014.12.28"]
[Round "4.3"]
[White "Muuss, Klaus"]
[Black "Oberling, Mario"]
[Result "1-0"]
[WhiteElo "2035"]
[BlackElo "1848"]
[PlyCount "87"]
[EventDate "2014.12.26"]
[EventRounds "8"]
[EventCountry "GER"]
[Source "24. ESF 2014"]
[SourceDate "2014.12.30"]

1. e4 Nf6 2. e5 Nd5 3. d4 d6 4. Nf3 Bg4 5. Be2 e6 6. O-O Be7 7. c4 Nb6 8. Be3
N8d7 9. Nbd2 O-O 10. Rc1 dxe5 11. dxe5 Nc5 12. Nd4 Bxe2 13. Qxe2 c6 14. f4 Qd7
15. b4 Na6 16. Ne4 f5 17. exf6 Bxf6 18. Nxf6+ Rxf6 19. a3 Nc7 20. Rcd1 Qe8 21.
Nf3 Nd7 22. Qd3 Nf8 23. Ne5 Ng6 24. Nxg6 Rxg6 25. Qd7 Qxd7 26. Rxd7 Ne8 27.
Rxb7 a5 28. Bc5 axb4 29. axb4 Ra2 30. g3 Rc2 31. f5 exf5 32. Re1 h5 33. Rxe8+
Kh7 34. Rbb8 Rg4 35. Be3 Rgxc4 36. Re7 h4 37. Rbb7 Rg4 38. Bf4 h3 39. Be5 Rg2+
40. Kf1 Rxh2 41. Bxg7 Re4 42. Be5+ Kg6 43. Rg7+ Kh5 44. g4+ 1-0

[Event "24. Erfurter Schachfestival 2014 - Haup"]
[Site "Erfurt"]
[Date "2014.12.28"]
[Round "4.4"]
[White "Pölsterl, Johann"]
[Black "Münzberg, Stephan"]
[Result "1-0"]
[WhiteElo "1959"]
[BlackElo "1853"]
[PlyCount "85"]
[EventDate "2014.12.26"]
[EventRounds "8"]
[EventCountry "GER"]
[Source "24. ESF 2014"]
[SourceDate "2014.12.30"]

1. Nf3 Nf6 2. g3 Nc6 3. Bg2 e5 4. d3 d5 5. O-O Bf5 6. Nbd2 Bd6 7. e4 dxe4 8.
dxe4 Be6 9. c3 h6 10. Nh4 Qd7 11. Nf5 O-O 12. Qc2 Ne7 13. Nxd6 Qxd6 14. Nf3
Rfd8 15. Be3 Nc6 16. Rfd1 Qe7 17. h3 Rd7 18. Nh4 Rad8 19. Nf5 Qf8 20. b3 b6 21.
Kh2 Ne7 22. Rxd7 Rxd7 23. g4 h5 24. Bf3 hxg4 25. hxg4 g6 26. Nh6+ Kg7 27. Kg3
Nfg8 28. Rh1 f5 29. gxf5 gxf5 30. exf5 Nxf5+ 31. Nxf5+ Bxf5 32. Qc1 Kf6 33.
Bg5+ Ke6 34. Be2 Nf6 35. Rh6 Rg7 36. Kh2 Rg6 37. Bc4+ Kd6 38. Qd2+ Ke7 39. Rxg6
Bxg6 40. Qd5 Bf7 41. Qxe5+ Kd7 42. Qf5+ Ke8 43. Bb5+ 1-0

[Event "24. Erfurter Schachfestival 2014 - Haup"]
[Site "Erfurt"]
[Date "2014.12.28"]
[Round "4.5"]
[White "Grund, Erwin"]
[Black "Wolf, Isaak"]
[Result "1-0"]
[WhiteElo "2046"]
[BlackElo "2053"]
[PlyCount "65"]
[EventDate "2014.12.26"]
[EventRounds "8"]
[EventCountry "GER"]
[Source "24. ESF 2014"]
[SourceDate "2014.12.30"]

1. f4 d5 2. Nf3 Nf6 3. e3 c5 4. b3 Nc6 5. Bb2 e6 6. Bb5 Bd7 7. Bxc6 Bxc6 8. d3
b6 9. Nbd2 Be7 10. Ne5 Bb7 11. O-O O-O 12. Ng4 Nxg4 13. Qxg4 Bf6 14. Bxf6 Qxf6
15. Nf3 Qb2 16. Rac1 Qf6 17. Ne5 Qe7 18. Qe2 Rac8 19. Rf3 f6 20. Ng4 c4 21. Rh3
e5 22. fxe5 f5 23. Nf2 Qxe5 24. Qh5 h6 25. Rg3 Rf6 26. Ng4 Qb2 27. Nxf6+ Qxf6
28. Rf1 cxd3 29. cxd3 Ba6 30. Rd1 Rc3 31. Qf3 Qe6 32. Qf4 Bxd3 33. Qd4 1-0

[Event "24. Erfurter Schachfestival 2014 - Haup"]
[Site "Erfurt"]
[Date "2014.12.28"]
[Round "4.6"]
[White "Drehwald, Manuel"]
[Black "Maiwald, Harald"]
[Result "1-0"]
[WhiteElo "1760"]
[BlackElo "2062"]
[PlyCount "45"]
[EventDate "2014.12.26"]
[EventRounds "8"]
[EventCountry "GER"]
[Source "24. ESF 2014"]
[SourceDate "2014.12.30"]

1. e4 c5 2. b4 cxb4 3. a3 d5 4. e5 Nc6 5. f4 Qa5 6. Nf3 Bf5 7. Bb2 e6 8. Be2
Nh6 9. Nd4 Nxd4 10. Bxd4 Bc5 11. axb4 Qxb4 12. c3 Qb6 13. Qa4+ Ke7 14. Bxc5+
Qxc5 15. d4 Qb6 16. Qa3+ Kd7 17. Qa4+ Ke7 18. Qa3+ Kd7 19. Nd2 Rhc8 20. O-O Ng4
21. Rfb1 Bxb1 22. Rxb1 Qd8 23. Rxb7+ 1-0

[Event "24. Erfurter Schachfestival 2014 - Haup"]
[Site "Erfurt"]
[Date "2014.12.28"]
[Round "4.7"]
[White "Walter, Tobias"]
[Black "Werner, Bernd-Michael"]
[Result "0-1"]
[WhiteElo "1834"]
[BlackElo "2074"]
[PlyCount "66"]
[EventDate "2014.12.26"]
[EventRounds "8"]
[EventCountry "GER"]
[Source "24. ESF 2014"]
[SourceDate "2014.12.30"]

1. d4 Nf6 2. Bf4 d6 3. e3 g6 4. Nf3 Bg7 5. Be2 O-O 6. O-O Nbd7 7. h3 b6 8. c3
Bb7 9. a4 a5 10. Nbd2 h6 11. Bh2 Re8 12. Qb3 e6 13. Rfd1 Qe7 14. Bb5 Red8 15.
Qa3 Bf8 16. Be2 Rac8 17. Rac1 Qe8 18. Qb3 Qe7 19. Qa3 d5 20. Qxe7 Bxe7 21. c4
c5 22. b3 Ba6 23. Kf1 cxd4 24. Nxd4 Ba3 25. Rc2 Bb4 26. cxd5 Bxe2+ 27. Kxe2
Rxc2 28. Nxc2 Nxd5 29. Nxb4 axb4 30. Rc1 Nc3+ 31. Ke1 Nc5 32. Bc7 Rd7 33. Bxb6
Nd3+ 0-1

[Event "24. Erfurter Schachfestival 2014 - Haup"]
[Site "Erfurt"]
[Date "2014.12.28"]
[Round "4.9"]
[White "Rosmait, Emily"]
[Black "Rensch, Toralf"]
[Result "0-1"]
[WhiteElo "1833"]
[BlackElo "2060"]
[PlyCount "74"]
[EventDate "2014.12.26"]
[EventRounds "8"]
[EventCountry "GER"]
[Source "24. ESF 2014"]
[SourceDate "2014.12.30"]

1. e4 e5 2. Nf3 Nc6 3. Bb5 Nd4 4. Nxd4 exd4 5. Bc4 h5 6. d3 c6 7. O-O Bc5 8. f4
d5 9. exd5 cxd5 10. Bb5+ Kf8 11. f5 Qa5 12. b4 Bxb4 13. c4 dxc3 14. Ba4 Ne7 15.
a3 Bd6 16. f6 gxf6 17. d4 Bg4 18. Qc2 Bf5 19. Qd1 Qc7 20. Bc2 Bxh2+ 21. Kh1 Bg4
22. Qd3 Nf5 23. Rxf5 Bxf5 24. Qxf5 Re8 25. Bd2 cxd2 26. Nxd2 Qf4 27. Qxd5 Qxd2
28. Bb3 Re1+ 29. Rxe1 Qxe1+ 30. Kxh2 Qe7 31. a4 Kg7 32. a5 Rd8 33. Qc4 Qd7 34.
d5 Rc8 35. Qd3 Qd6+ 36. Kh3 Qe5 37. Kh4 Rc3 0-1

[Event "24. Erfurter Schachfestival 2014 - Haup"]
[Site "Erfurt"]
[Date "2014.12.28"]
[Round "4.10"]
[White "Deubler, Bastian"]
[Black "Flemming, Klaus"]
[Result "1/2-1/2"]
[WhiteElo "1944"]
[BlackElo "1760"]
[PlyCount "94"]
[EventDate "2014.12.26"]
[EventRounds "8"]
[EventCountry "GER"]
[Source "24. ESF 2014"]
[SourceDate "2014.12.30"]

1. e4 e6 2. d4 d5 3. Nc3 Bb4 4. exd5 exd5 5. Bd3 Ne7 6. Qf3 Be6 7. Nge2 Qd7 8.
O-O Bg4 9. Qg3 O-O 10. Bf4 c6 11. Nd1 Ng6 12. Ne3 Bxe2 13. Bxe2 Nxf4 14. Qxf4
Bd6 15. Qh4 Qe7 16. Qh3 Bf4 17. Bd3 g6 18. Rae1 Qd6 19. g3 Bg5 20. f4 Bf6 21.
c3 Nd7 22. f5 Rae8 23. Ng4 Bg7 24. Nh6+ Bxh6 25. Qxh6 Rxe1 26. Rxe1 Nf6 27. Qg5
Re8 28. Rxe8+ Nxe8 29. fxg6 hxg6 30. Kg2 Kg7 31. h4 Qf6 32. Qxf6+ Kxf6 33. Kf3
Ng7 34. g4 b6 35. b4 Ke6 36. Kf4 Kf6 37. Ba6 Ne6+ 38. Ke3 c5 39. bxc5 bxc5 40.
Bb7 cxd4+ 41. cxd4 Nc7 42. a4 a5 43. Bc8 Ne6 44. Bxe6 Kxe6 45. Kf4 Kf6 46. g5+
Ke6 47. Kg4 f6 {"24. Erfurter Schachfestival Senio"]} 1/2-1/2

[Event "24. Erfurter Schachfestival 2014 - Haup"]
[Site "Erfurt"]
[Date "2014.12.28"]
[Round "5.1"]
[White "Feicht, Arno"]
[Black "Klaus, Christian"]
[Result "0-1"]
[WhiteElo "2093"]
[BlackElo "2082"]
[PlyCount "82"]
[EventDate "2014.12.27"]
[EventRounds "4"]
[EventCountry "GER"]
[Source "24. ESF 2014"]
[SourceDate "2014.12.30"]

1. d4 g6 2. e4 Bg7 3. Nc3 d6 4. Bg5 Nc6 5. Nge2 a6 6. Qd2 b5 7. a3 h6 8. Be3
Nf6 9. f3 e5 10. b3 exd4 11. Nxd4 Nxd4 12. Bxd4 O-O 13. Rd1 Bb7 14. g3 c5 15.
Be3 Qa5 16. Nb1 Qxd2+ 17. Rxd2 d5 18. exd5 Bxd5 19. Kf2 Ng4+ 20. fxg4 Bxh1 21.
Bxc5 Rfd8 22. Bd3 Bd4+ 23. Bxd4 Rxd4 24. h3 Re8 25. Nc3 Bc6 26. b4 Rdd8 27. h4
Be4 28. Nxe4 Rxe4 29. Kf3 Re1 30. h5 Kg7 31. Kg2 Ra1 32. hxg6 fxg6 33. Re2 Kf6
34. g5+ hxg5 35. Rf2+ Kg7 36. Re2 Rd6 37. Re7+ Kf6 38. Ra7 g4 39. Ra8 Ra2 40.
Kf1 Rxa3 41. Bxb5 Rf3+ 0-1

[Event "24. Erfurter Schachfestival 2014 - Haup"]
[Site "Erfurt"]
[Date "2014.12.28"]
[Round "5.2"]
[White "Werner, Bernd-Michael"]
[Black "Muuss, Klaus"]
[Result "1/2-1/2"]
[WhiteElo "2074"]
[BlackElo "2035"]
[PlyCount "87"]
[EventDate "2014.12.26"]
[EventRounds "8"]
[EventCountry "GER"]
[Source "24. ESF 2014"]
[SourceDate "2014.12.30"]

1. e4 c5 2. c4 Nc6 3. g3 g6 4. Nc3 Bg7 5. Bg2 d6 6. Nge2 e5 7. d3 Nge7 8. a3
O-O 9. O-O a6 10. Rb1 Nd4 11. Nxd4 cxd4 12. Nd5 Nxd5 13. exd5 b5 14. b3 bxc4
15. bxc4 Bf5 16. f4 Qd7 17. fxe5 Bxe5 18. Rf2 Rab8 19. Rfb2 Qc7 20. Rb3 Bd7 21.
Qd2 Rxb3 22. Rxb3 Rb8 23. Rxb8+ Qxb8 24. Qb4 Qc7 25. Bd2 Kg7 26. a4 Bf5 27. Bf1
h5 28. Be2 Qe7 29. Kf2 Bh3 30. Qb2 h4 31. g4 Bxh2 32. Qxd4+ Be5 33. Qe4 f5 34.
gxf5 Bxf5 35. Qe3 Qf6 36. Qh6+ Kg8 37. Qg5 Bg3+ 38. Kg2 Qf7 39. Qd8+ Kh7 40.
Bc3 Be4+ 41. dxe4 Qf2+ 42. Kh3 Qh2+ 43. Kg4 Qxe2+ 44. Kh3 1/2-1/2

[Event "24. Erfurter Schachfestival 2014 - Haup"]
[Site "Erfurt"]
[Date "2014.12.28"]
[Round "5.3"]
[White "Rensch, Toralf"]
[Black "Pölsterl, Johann"]
[Result "1-0"]
[WhiteElo "2060"]
[BlackElo "1959"]
[PlyCount "61"]
[EventDate "2014.12.26"]
[EventRounds "8"]
[EventCountry "GER"]
[Source "24. ESF 2014"]
[SourceDate "2014.12.30"]

1. e4 c6 2. d4 d5 3. e5 Bf5 4. Nc3 e6 5. g4 Bg6 6. Nge2 f6 7. Nf4 Bf7 8. Qe2
Nd7 9. exf6 Qxf6 10. Be3 O-O-O 11. g5 Qe7 12. Bh3 e5 13. dxe5 Qxe5 14. O-O-O
Qc7 15. Be6 d4 16. Rxd4 Bc5 17. Bxf7 Bxd4 18. Ne6 Bxe3+ 19. Qxe3 Qb6 20. Qg3
Ne7 21. Rd1 Rhf8 22. Nxd8 Rxd8 23. Be6 Qc7 24. Qh3 Nd5 25. Nxd5 cxd5 26. Rxd5
Qf4+ 27. Qe3 Qf8 28. Qxa7 Qf4+ 29. Kb1 b6 30. Bxd7+ Rxd7 31. Qxd7+ 1-0

[Event "24. Erfurter Schachfestival 2014 - Haup"]
[Site "Erfurt"]
[Date "2014.12.28"]
[Round "5.4"]
[White "Schmidt, Matthias"]
[Black "Grund, Erwin"]
[Result "1/2-1/2"]
[WhiteElo "2024"]
[BlackElo "2046"]
[PlyCount "49"]
[EventDate "2014.12.26"]
[EventRounds "8"]
[EventCountry "GER"]
[Source "24. ESF 2014"]
[SourceDate "2014.12.30"]

1. e4 d5 2. exd5 Qxd5 3. Qf3 c6 4. Nc3 Qxf3 5. Nxf3 Nf6 6. Bc4 e6 7. d4 Nbd7 8.
O-O Nb6 9. Bb3 Bb4 10. Ne2 O-O 11. c4 Be7 12. h3 Nbd7 13. Nc3 b6 14. Re1 Bb4
15. Bd2 Bb7 16. a3 Bd6 17. Ne5 Rfd8 18. Rad1 a6 19. Bg5 h6 20. Nxd7 Rxd7 21.
Bxf6 gxf6 22. d5 cxd5 23. cxd5 exd5 24. Bxd5 Be5 25. Bxb7 1/2-1/2

[Event "24. Erfurter Schachfestival 2014 - Haup"]
[Site "Erfurt"]
[Date "2014.12.28"]
[Round "5.5"]
[White "Prüsse, Horst"]
[Black "Drehwald, Manuel"]
[Result "1/2-1/2"]
[WhiteElo "2044"]
[BlackElo "1760"]
[PlyCount "39"]
[EventDate "2014.12.26"]
[EventRounds "8"]
[EventCountry "GER"]
[Source "24. ESF 2014"]
[SourceDate "2014.12.30"]

1. e4 e5 2. d4 exd4 3. c3 d3 4. Bxd3 Nc6 5. Nf3 d5 6. exd5 Qxd5 7. O-O Be7 8.
Qe2 Bg4 9. Be4 Qe6 10. Qc2 Nf6 11. Bxc6+ Qxc6 12. Ne5 Qd6 13. Nxg4 Nxg4 14.
Qa4+ Qd7 15. Qxd7+ Kxd7 16. Rd1+ Kc6 17. h3 Ne5 18. Bf4 Bd6 19. Nd2 Rad8 20.
Bxe5 1/2-1/2

[Event "24. Erfurter Schachfestival 2014 - Haup"]
[Site "Erfurt"]
[Date "2014.12.28"]
[Round "5.6"]
[White "Junk, Philipp"]
[Black "Eickelkamp, Jan-Hendrik"]
[Result "1-0"]
[WhiteElo "1757"]
[BlackElo "1915"]
[PlyCount "120"]
[EventDate "2014.12.26"]
[EventRounds "8"]
[EventCountry "GER"]
[Source "24. ESF 2014"]
[SourceDate "2014.12.30"]

1. e4 Nf6 2. e5 Nd5 3. d4 d6 4. c4 Nb6 5. exd6 cxd6 6. d5 g6 7. Qd4 Rg8 8. Nc3
Bg7 9. Qh4 h6 10. Bd2 Bf5 11. Nf3 N8d7 12. Be2 g5 13. Qg3 Nf6 14. Nd4 Bg6 15.
Qe3 Qd7 16. Ndb5 Kf8 17. Nxa7 Qd8 18. Nab5 Nfd7 19. Rc1 Be5 20. Qh3 Kg7 21. Bd3
Nc5 22. Bxg6 fxg6 23. b3 Rf8 24. O-O Nbd7 25. Qe3 Nf6 26. f3 Nh5 27. Rc2 Qd7
28. Ne4 Nxe4 29. Qxe4 Nf6 30. Qe2 Rac8 31. Bc3 Bxc3 32. Rxc3 Nh5 33. Re3 Rce8
34. g3 Rf7 35. Re6 Kh7 36. Nxd6 exd6 37. Rxe8 Ng7 38. Re4 Qc7 39. Kg2 Nf5 40.
Re1 h5 41. Qb2 Qd7 42. h3 Ng7 43. g4 Qd8 44. R1e3 Kg8 45. Qd4 Qa5 46. a4 Qd8
47. b4 h4 48. c5 Qc7 49. Re8+ Kh7 50. R8e4 dxc5 51. Qe5 Qc8 52. Rc3 Qd7 53.
bxc5 Qd8 54. c6 bxc6 55. dxc6 Rc7 56. a5 Qd2+ 57. Re2 Qd1 58. a6 Rc8 59. c7 Re8
60. Qxe8 Nxe8 1-0

[Event "24. Erfurter Schachfestival 2014 - Haup"]
[Site "Erfurt"]
[Date "2014.12.28"]
[Round "5.7"]
[White "Schröter, Maik"]
[Black "Oshionwu, Nelo"]
[Result "1-0"]
[WhiteElo "1877"]
[BlackElo "1902"]
[PlyCount "75"]
[EventDate "2014.12.26"]
[EventRounds "8"]
[EventCountry "GER"]
[Source "24. ESF 2014"]
[SourceDate "2014.12.30"]

1. e4 c5 2. Nf3 Nc6 3. d4 cxd4 4. Nxd4 e5 5. Nb3 Qh4 6. Bd3 Nf6 7. g3 Qh3 8.
Bf1 Qe6 9. Bg2 b5 10. Nc3 Bb4 11. O-O Bxc3 12. bxc3 a5 13. a4 b4 14. cxb4 axb4
15. Bb2 d6 16. Qd2 O-O 17. f4 Rd8 18. Rad1 Rxa4 19. fxe5 dxe5 20. Qxd8+ Nxd8
21. Rxd8+ Ne8 22. Nc5 Qc6 23. Nxa4 Ba6 24. Bh3 f5 25. Rxf5 Qxa4 26. Rxe5 Bb5
27. Bf1 Bd7 28. Bc4+ Kf8 29. Bd4 g6 30. Bc5+ Kg7 31. Re7+ Kh6 32. Be3+ g5 33.
Rdxd7 Qa1+ 34. Kg2 Qc3 35. Re6+ Nf6 36. Bd3 Kh5 37. g4+ Kh4 38. Rxh7+ 1-0

[Event "24. Erfurter Schachfestival 2014 - Haup"]
[Site "Erfurt"]
[Date "2014.12.28"]
[Round "5.8"]
[White "Flemming, Klaus"]
[Black "Schwarz, Hilmar"]
[Result "0-1"]
[WhiteElo "1760"]
[BlackElo "1918"]
[PlyCount "74"]
[EventDate "2014.12.26"]
[EventRounds "8"]
[EventCountry "GER"]
[Source "24. ESF 2014"]
[SourceDate "2014.12.30"]

1. Nf3 f5 2. g3 Nf6 3. Bg2 e6 4. c4 d5 5. O-O c6 6. b3 Bd6 7. Bb2 Nbd7 8. d4
O-O 9. Nbd2 Qe8 10. e3 Qh5 11. Ne5 Qh6 12. Qe2 Ne4 13. f4 Ndf6 14. Ndf3 Bd7 15.
Nxd7 Nxd7 16. Ne5 Ndf6 17. Bxe4 Nxe4 18. Nf3 Rad8 19. c5 Bc7 20. b4 a6 21. a4
Rb8 22. Nd2 Nf6 23. Bc3 g5 24. b5 axb5 25. axb5 gxf4 26. exf4 Ne4 27. Ba5 Bxa5
28. Rxa5 Qf6 29. Qd3 b6 30. cxb6 Rxb6 31. Nf3 cxb5 32. Rxb5 Rc6 33. Rfb1 Rc3
34. Qe2 Rxf3 35. Qxf3 Qxd4+ 36. Kg2 Nd2 37. Qf2 Qe4+ 0-1